logo

Bir Sreshtho Munshi Abdur Rouf Library
Jhenaidah Cadet College

The Fall of Sirajuddaulah / (Record no. 7740)

MARC details
000 -LEADER
fixed length control field 00563nam a2200217 a 4500
001 - CONTROL NUMBER
JCCL Control Number 7740
003 - CONTROL NUMBER IDENTIFIER
JCCL marc code BD-JhCC
005 - DATE AND TIME OF LATEST TRANSACTION
control field 20190227134007.0
008 - FIXED-LENGTH DATA ELEMENTS--GENERAL INFORMATION
fixed length control field 180213b xxu||||| |||| 00| 0 eng d
035 ## - SYSTEM CONTROL NUMBER
system control number (BD-JhCC) 7740
040 ## - CATALOGING SOURCE
Original cataloging agency BD-JhCC
Modifying agency BD-JhCC
041 ## - LANGUAGE CODE
Language code of Book eng
082 ## - DEWEY DECIMAL CLASSIFICATION NUMBER
Classification number 954.02
Author mark and Year ALI 1975
100 ## - MAIN ENTRY--PERSONAL NAME
Personal name Ali, Muhammad Mohar
245 ## - TITLE STATEMENT
Title The Fall of Sirajuddaulah /
Statement of responsibility, etc Muhammad Mohar Ali
260 ## - PUBLICATION, DISTRIBUTION, ETC. (IMPRINT)
Place of publication, distribution, etc Dhaka :
Name of publisher, distributor, etc THE MEHRUB PUBLICATIONS ,
Date of publication, distribution, etc 1975
300 ## - PHYSICAL DESCRIPTION
Pagination 90 p .:
Dimensions 22 cm .
650 ## - SUBJECT ADDED ENTRY--TOPICAL TERM
Topical term or geographic name as entry element Battle of Plassey
942 ## - ADDED ENTRY ELEMENTS (KOHA)
Source of classification or shelving scheme Dewey Decimal Classification
Koha item type Books
Koha issues (borrowed), all copies 2
Holdings
Source of classification or shelving scheme Damaged status Not for loan Home library Current library Shelving location Date of accession Cost, normal purchase price Total Checkouts Full call number Barcode Date last seen Date checked out Copy number Koha item type
Dewey Decimal Classification     JCC Rouf Library JCC Rouf Library General Stacks 02/13/2018 12.00 1 954.02 ALI 1975 10021 03/19/2019 02/26/2019 C - 1 Books

JCC Library | Contacts | JCC Home

Last Update on 23 September 2017
Copyright @ 2017-2020 JCC Rouf Library
Rouf Library, Jhenidah Cadet College (JCC), Bangladesh